000 00810nam a2200277Ia 4500
003 OSt
005 20220918105527.0
006 a|||||r|||| 00| 0
007 ta
008 220915b |||||||| |||| 00| 0 eng d
020 _a0123693748 (hb)
024 _a242298
037 _cReference Collections
040 _aARTS
_cARTS
_beng
041 _2eng
_aeng
082 _aP:(S)g, P6 (RR)
100 _aTraxler Matthew J. Ed.
_91969
245 0 _aHandbook of psycholinguistics
250 _a2nd
260 _aAmsterdam
_bElsevier Netherland
_c2006
300 _axii, 1184p.
650 _aLINGUISTICS
700 _a Gernsbacher Morton A. Ed.
_91970
942 _hP:(S)g, P6 (RR)
_cREF
999 _c107857
_d107857